[Event "Fenain op"]
[Site "Fenain"]
[Date "2007.02.26"]
[Round "4.10"]
[White "Peurton, Frederic"]
[Black "Collet, Christian"]
[Result "1-0"]
[WhiteElo "2017"]
[BlackElo "1600"]
[PlyCount "91"]
[EventDate "2007.02.24"]
[EventType "swiss"]
[EventRounds "7"]
[EventCountry "FRA"]
[SourceTitle "CBM 117 Extra"]
[Source "ChessBase"]
[SourceDate "2007.05.09"]
[SourceVersion "1"]
[SourceVersionDate "2007.05.09"]
[SourceQuality "1"]

1. e4 e5 2. d4 exd4 3. c3 d5 4. Qxd4 c6 5. Bf4 Nf6 6. Nd2 Nbd7 7. Bg3 Bc5 8. Qa4 Qe7 9. Bd3 Ne5 10. Bxe5 Qxe5 11. Ngf3 Qe7 12. 0-0 0-0 13. Rae1 Qc7 14. e5 Ng4 15. h3 Nh6 16. Ng5 Bf5 17. Bxf5 Nxf5 18. Qc2 g6 19. e6 f6 20. e7 fxg5 21. exf8Q+ Rxf8 22. Nf3 Ng3 23. Nxg5 Nxf1 24. Rxf1 Qe5 25. Nf3 Qg3 26. Nd4 Qe5 27. Qd2 Bd6 28. g3 Qf6 29. Re1 Be5 30. f4 Bc7 31. Ne6 Bb6+ 32. Kg2 Re8 33. Ng5 Rxe1 34. Qxe1 h6 35. Nf3 Kg7 36. Qe8 g5 37. Ne5 Bd8 38. Qd7+ Be7 39. Qxb7 gxf4 40. Nxc6 f3+ 41. Kf2 Kf7 42. Qxe7+ Qxe7 43. Nxe7 Kxe7 44. Kxf3 Kf6 45. Kf4 a5 46. g4 1-0

[Event "Fenain op 7th"]
[Site "Fenain"]
[Date "2005.02.07"]
[Round "4"]
[White "Collet, Christian"]
[Black "Renard, Stephane"]
[Result "0-1"]
[WhiteElo "1460"]
[BlackElo "1982"]
[PlyCount "109"]
[EventDate "2005.02.05"]
[EventType "swiss"]
[EventRounds "7"]
[EventCountry "FRA"]
[SourceTitle "EXT 2020"]
[Source "ChessBase"]
[SourceDate "2019.10.17"]
[SourceVersion "1"]
[SourceVersionDate "2019.10.17"]
[SourceQuality "1"]

1. e4 g6 2. Nf3 d6 3. d4 c6 4. Bd3 Bg7 5. 0-0 e5 6. c3 Ne7 7. Be3 0-0 8. Qd2 f5 9. Bh6 fxe4 10. Bxg7 Kxg7 11. Bxe4 d5 12. Bc2 e4 13. Ne5 Nd7 14. f4 exf3 15. Nxf3 Nf6 16. Na3 Bf5 17. Ng5 Qd7 18. Rae1 Rfe8 19. c4 Rad8 20. c5 h6 21. Nf3 Bxc2 22. Nxc2 Ne4 23. Qd1 Rf8 24. Ne5 Qe6 25. Ne3 Rxf1+ 26. Rxf1 Rf8 27. Rxf8 Kxf8 28. Qg4 Qxg4 29. N3xg4 Kg7 30. Nf2 Nd2 31. Nfd3 Nf5 32. Nf4 Nxd4 33. Nfxg6 Kf6 34. h4 h5 35. g4 hxg4 36. h5 N2f3+ 37. Nxf3 Nxf3+ 38. Kg2 Kg5 39. Kg3 Kxh5 40. Nf4+ Kg5 41. Ne6+ Kf5 42. Nd8 d4 43. Nxb7 d3 44. Nd6+ Ke5 45. Nc4+ Kd4 46. b3 d2 47. Nb2 Ne5 48. Nd1 Kxc5 49. Kf2 Kb4 50. Ke2 Ka3 51. Nc3 Nf3 52. Kd1 g3 53. Ke2 g2 54. Nb1+ Kxa2 55. Kxf3 0-1

[Event "Le Touquet op-B 19th"]
[Site "Le Touquet"]
[Date "2004.10.29"]
[Round "7"]
[White "Lhermitte, Jean Christophe"]
[Black "Collet, Christian"]
[Result "1-0"]
[WhiteElo "1600"]
[BlackElo "1500"]
[PlyCount "63"]
[EventDate "2004.10.25"]
[EventType "swiss"]
[EventRounds "9"]
[EventCountry "FRA"]
[SourceTitle "EXT 2006"]
[Source "ChessBase"]
[SourceDate "2005.11.24"]
[SourceVersion "1"]
[SourceVersionDate "2005.11.24"]
[SourceQuality "1"]

1. e4 e5 2. Nf3 Nc6 3. Bc4 d6 4. Nc3 Nf6 5. 0-0 Bg4 6. Be2 Be7 7. Re1 0-0 8. h3 Bh5 9. d3 h6 10. Be3 Nh7 11. Nd5 f5 12. exf5 Rxf5 13. g4 Bf7 14. Nxe7+ Nxe7 15. gxf5 Nxf5 16. Kh2 Nxe3 17. fxe3 Ng5 18. Rg1 Qf6 19. Rg3 e4 20. dxe4 Nxe4 21. Rg2 Kh8 22. Qd4 Qxd4 23. exd4 Re8 24. Bd3 Bd5 25. Re1 Bc6 26. Bxe4 Bxe4 27. Rge2 d5 28. Nd2 Rf8 29. Nxe4 dxe4 30. Kg3 Rf3+ 31. Kg2 Rf7 32. Rxe4 1-0